• 首页
  • 本馆介绍
  • 公告通知
  • 最新文献
  • 馆藏检索
  • 电子资源
  • 读者导购
  • 参考咨询
  • 我的图书馆
  • 登录
  • 详细信息显示
  • 放入我的书架
  • 预约/预借图书
  • 作者相关作品
  • 分类相关作品
  • 丛书相关作品
  • 出版社相关作品

书目信息

  • 表格格式
  • 工作单格式
  • 卡片格式
题名:
城市化经济运行分析
    
 
作者: 王雅莉 著
分册:  
出版信息: 上海   上海三联书店  2004
页数: 344页
开本: 21cm
丛书名:
单 册:
中图分类: F290
科图分类:
主题词: 城市化--研究
电子资源:
ISBN: 7-5426-1793-1
000 01478nam0 2200337 450
000 01441nam0 2200325 450
000 01443nam0 2200337 450
000 01389nam0 2200313 450
000 01385nam0 2200301 450
000 01348nam0 2200289 45
001 TS2006038329
005 20061206082221.32
010    @a7-5426-1793-1@dCNY27.00
100    @a20060829d2004 emky0chiy0110 ea
101 0  @achi@deng@eeng
102    @aCN@b310000
105    @ay z 000yy
200 1  @a城市化经济运行分析@ACheng Shi Hua Jing Ji Yun Xing Fen Xi@e一个城市化经济的圴衡模型及其应用@EYi Ge Cheng Shi Hua Jing Ji De圴 Heng Mo Xing Ji Qi Ying Yong@f王雅莉著@FWang Ya Li Zhu
210    @a上海@c上海三联书店@d2004
215    @a344页@d21cm
300    @a大连市人民政府资助出版
330    @a本书内容包括:城市化经济运行的两类非均衡态;城市化经济运行机理分析;城市化经济运行的均衡态分析;中国:城市化经济均衡的目标状态分析;中国现阶段城市化经济运行的调节政策等。
510 1  @aAnalysis on Urbanization Economic Operations@eA Model on Urbanization Ecnomic Equilibrium and Its Application@zeng
517 1  @a一个城市化经济的圴衡模型及其应用@AYi Ge Cheng Shi Hua Jing Ji De圴 Heng Mo Xing Ji Qi Ying Yong
606 0  @a城市化@x研究
690    @aF290@v4
701  0 @a王雅莉@AWang Ya Li@c(女,@f1953~)@4著
801  0 @aCN@b中图数据@c20061206
905    @a10447@dF290@e347
    
    城市化经济运行分析:一个城市化经济的圴衡模型及其应用/王雅莉著.-上海:上海三联书店,2004
    344页;21cm
    大连市人民政府资助出版
    
    ISBN 7-5426-1793-1:CNY27.00
    本书内容包括:城市化经济运行的两类非均衡态;城市化经济运行机理分析;城市化经济运行的均衡态分析;中国:城市化经济均衡的目标状态分析;中国现阶段城市化经济运行的调节政策等。
●
相关链接 在E读中查询图书 在五车中查询图书 在当当中查询图书 在豆瓣中查询图书


正题名:城市化经济运行分析     索取号:F290/347         预约/预借

序号 登录号 条形码 馆藏地/架位号 状态 备注
1 0603995   206039954   第一样本阅览室/ [索取号:F290/347] 在馆    
2 0603996   206039963   第一借阅区/ [索取号:F290/347] 在馆    
3 0603997   206039972   第一借阅区/ [索取号:F290/347] 在馆    
唐山师范学院图书馆 欢迎您!
大连网信软件有限公司© 版权所有